000 00973nam a2200217Ia 4500
999 _c39220
_d39220
001 5806
003 GE_BSU
005 20190530180710.0
008 181216s1985|||| |||||||||||||| ||geo||
040 _cGE_BSU
041 _ageo
080 _a624.011.1(075.8) ს-20
100 _aსალუქვაძე , ბ.
_9342
245 _aხისა და პლასტმასების სამშენებლო კონსტრუქციები :
_bსახელმძღვ . /
_cბ.სალუქვაძე , რედ. რ.ჩხობაძე.
264 _aთბილისი :
_bთსუ.
_c1985.
300 _a304 გვ ;
_c22 სმ .
504 _aბიბლიოგრ.: გვ.298-299.
653 _aხისა და პლასტმასების სამშენებლო კონსტრუქციები.
700 _aჩხობაძე , რ
_9342
_eრედაქტორი
942 _cBK
_2udc